All Pokemon Movies - Statistics

General Stats
  • This quiz has been taken 104 times
  • The average score is 7 of 25
Answer Stats
Year Movie % Correct
1998 Mewtwo Strikes Back
81%
2009 Arceus and the Jewel of Life
51%
2004 Destiny Deoxys
46%
2003 Jirachi - Wish Maker
44%
2007 The Rise of Darkrai
39%
2008 Giratina and the Sky Warrior
37%
1999 The Power of One
37%
2005 Lucario and the Mystery of Mew
35%
2002 Pokemon Heroes
35%
2018 The Power of Us
32%
2000 Spell of the Unown
30%
2019 Detective Pikachu
28%
2017 I Choose You!
26%
2016 Volcanion and the Mechanical Marvel
25%
2010 Zoroark - Master of Illusions
25%
2015 Hoopa and the Clash of Ages
21%
2006 Pokemon Ranger and the Temple of the Sea
21%
2021 Secrets of the Jungle
21%
2014 Diancie and the Cocoon of Destruction
19%
2001 Celebi - Voice of the Forest
18%
2013 Genesect and the Legend Awakened
16%
2020 Mewtwo Strikes Back: Evolution
14%
2012 Kyurem vs. the Sword of Justice
11%
2011 White - Victini and Zekrom
9%
2011 Black - Victini and Reshiram
7%
No matching quizzes found
Score Distribution
Percent of People with Each Score
Percentile by Number Answered
Your Score History
You have not taken this quiz